000 01032cam a2200265 4500
008 090401t1997 xxu||||| |||| 00| 0 eng d
020 _a1859350259
035 _a(Sirsi) u81408
041 _aeng
050 _a690.8
245 _aDesigning lifetime homes.
260 _aYork
_bJoseph Rowntree Foundation
_c1997
300 _a60p. : ill. ; 30cm.
350 _a19.5
520 _aExplains the concept of lifetime homes, the incorporation of design standards to enhance comfort, convenience and flexibility to adapt to changing needs and requirements. Illustrates how these standards can be introduced into new houses as well as modernising older properties.
650 _aMANAGEMENT-BUSINESS MANAGEMENT-DISCRIMINATION-DISABILITY DISCRIMINATION-ACCESSIBILITY
650 _aHOUSING DESIGN
650 _aHOUSING STANDARDS
650 _aLIFETIME HOMES
690 _aBUILT ENVIRONMENT-CONSTRUCTION DESIGN
700 _aBrewerton, Julie
_xEditor
700 _aDarton, David
_xEditor
942 _n0
948 _c13/10/1997
999 _c96713
_d96713